[Event "GER OS-203 email"]
[Site "GER email"]
[Date "2012.11.18"]
[Round "?"]
[White "Oppel, Dieter"]
[Black "Huser, Udo"]
[Result "1-0"]
[WhiteElo "1594"]
[BlackElo "1769"]
[PlyCount "77"]
[EventDate "2012.11.26"]
[EventType "tourn (corr)"]
[EventRounds "6"]
[EventCountry "GER"]
[SourceTitle "Corr 2015"]
[Source "ChessBase"]
[SourceDate "2015.07.17"]
[SourceVersion "1"]
[SourceVersionDate "2015.07.17"]
[SourceQuality "1"]

1. e4 c6 2. d4 d5 3. Nc3 dxe4 4. Nxe4 Bf5 5. Ng3 Bg6 6. h4 h6 7. Nf3 Nf6 8. Bd3 Bxd3 9. Qxd3 e6 10. Bf4 Bd6 11. Be5 Bxe5 12. dxe5 Qxd3 13. cxd3 Nd5 14. Ne4 Nd7 15. Nd6+ Ke7 16. Nxb7 Rab8 17. Na5 Rxb2 18. Nxc6+ Ke8 19. 0-0 Nc5 20. Rfb1 Rxb1+ 21. Rxb1 Kd7 22. Nxa7 Ra8 23. d4 Rxa7 24. dxc5 Kc7 25. Rb2 Ra4 26. g3 Nb4 27. Kg2 Kc6 28. Rb3 Kxc5 29. a3 Nc6 30. Rb7 Ra7 31. Rxa7 Nxa7 32. g4 Kd5 33. h5 Nc6 34. Kg3 Nxe5 35. Nxe5 Kxe5 36. a4 Kd5 37. Kf4 f6 38. Ke3 Kc5 39. f4 1-0

[Event "GER OS-202 email"]
[Site "GER email"]
[Date "2012.11.06"]
[Round "?"]
[White "Huser, Udo"]
[Black "Wittig, Michael"]
[Result "1/2-1/2"]
[WhiteElo "1764"]
[BlackElo "1656"]
[PlyCount "52"]
[EventDate "2012.11.12"]
[EventType "tourn (corr)"]
[EventRounds "6"]
[EventCountry "GER"]
[SourceTitle "Corr 2015"]
[Source "ChessBase"]
[SourceDate "2015.07.17"]
[SourceVersion "1"]
[SourceVersionDate "2015.07.17"]
[SourceQuality "1"]

1. e4 e5 2. Nf3 Nf6 3. d4 Nxe4 4. Bd3 d5 5. Nxe5 Bd6 6. 0-0 0-0 7. Nd2 Bxe5 8. dxe5 Nc6 9. Nxe4 dxe4 10. Bxe4 Nxe5 11. Bxh7+ Kxh7 12. Qh5+ Kg8 13. Qxe5 Re8 14. Qf4 Qd5 15. Be3 Bf5 16. c4 Qe5 17. Rfe1 Rad8 18. b3 Qxf4 19. Bxf4 Rxe1+ 20. Rxe1 f6 21. f3 Kf7 22. Kf2 c6 23. c5 Rd3 24. Rc1 g5 25. Be3 Be6 26. Ke2 Rd8 1/2-1/2